Introduction. How can we understand the sustainable transition of territories? (notice n° 1671998)

détails MARC
000 -LEADER
fixed length control field 01759cam a2200181 4500500
005 - DATE AND TIME OF LATEST TRANSACTION
control field 20260301000556.0
041 ## - LANGUAGE CODE
Language code of text/sound track or separate title fre
042 ## - AUTHENTICATION CODE
Authentication code dc
100 10 - MAIN ENTRY--PERSONAL NAME
Personal name Debizet, Gilles
Relator term author
245 00 - TITLE STATEMENT
Title Introduction. How can we understand the sustainable transition of territories?
260 ## - PUBLICATION, DISTRIBUTION, ETC.
Date of publication, distribution, etc. 2024.<br/>
500 ## - GENERAL NOTE
General note 1
520 ## - SUMMARY, ETC.
Summary, etc. This article is an introduction to the special double issue of the journal Géographie Économie Société entitled “How can we understand the sustainable transition of territories? " This special issue brings together French-language contributions on the territorial dimensions of transitions toward sustainability. Following a summary presentation of the twelve theoretical and empirical contributions, this introduction describes current thinking by looking at the salient points of the articles. On the one hand, it highlights a new way of approaching territories through the prism of sustainable transition: interest in living organisms and metabolisms calls for distance from the “territorial development” paradigm. On the other hand, this introduction underlines the contributions of the territorial approach to the study of sustainable transition, particularly with regard to the multi-level perspective: it highlights the multidimensionality, complexity, and context-dependent nature of transformation processes, and the value of considering them in the comprehensive analysis of possible larger-scale systematic changes.
700 10 - ADDED ENTRY--PERSONAL NAME
Personal name Koop, Kirsten
Relator term author
700 10 - ADDED ENTRY--PERSONAL NAME
Personal name Levy, Rachel
Relator term author
786 0# - DATA SOURCE ENTRY
Note Géographie, économie, société | 26 | 2-3 | 2024-04-17 | p. 147-164 | 1295-926x
856 41 - ELECTRONIC LOCATION AND ACCESS
Uniform Resource Identifier <a href="https://shs.cairn.info/journal-geographie-economie-societe-2024-2-3-page-147?lang=en&redirect-ssocas=7080">https://shs.cairn.info/journal-geographie-economie-societe-2024-2-3-page-147?lang=en&redirect-ssocas=7080</a>

Pas d'exemplaire disponible.

PLUDOC

PLUDOC est la plateforme unique et centralisée de gestion des bibliothèques physiques et numériques de Guinée administré par le CEDUST. Elle est la plus grande base de données de ressources documentaires pour les Étudiants, Enseignants chercheurs et Chercheurs de Guinée.

Adresse

627 919 101/664 919 101

25 boulevard du commerce
Kaloum, Conakry, Guinée

Réseaux sociaux

Powered by Netsen Group @ 2025